|
|
|
|
| LEADER |
00000nab a2200000 a 4500 |
| 001 |
vtls000382085 |
| 003 |
SK-MaSNL |
| 005 |
20260304031741.0 |
| 008 |
230120c1990 xo 0 slo |
| 015 |
|
|
|a SNBRB19rr/mm-uuuuu
|
| 035 |
|
|
|a CL0382207
|
| 035 |
|
|
|a urn:nbn:sk:snk-abdnv3
|
| 035 |
|
|
|a (urnnbn)urn:nbn:sk:snk:ar-001pe0
|
| 035 |
|
|
|a (uuid)a944b0d2-20c2-4018-92cb-df65f3f4c2d3
|
| 040 |
|
|
|a SNKBUCL
|b slo
|c SNKBUCL
|e AACR2
|
| 041 |
0 |
|
|a slo
|
| 044 |
|
|
|a xo
|c SK
|
| 080 |
|
|
|a 791.43(437.1/.2)
|2 1981
|
| 080 |
|
|
|a 791.43(437.6)
|2 1981
|
| 080 |
|
|
|a 791.44.071.5
|2 1981
|
| 100 |
1 |
|
|a Miháliková, Gizela,
|d 1937-
|4 aut
|9 116599
|
| 245 |
1 |
0 |
|a Premeny slovenskej kamery
|b Zrod
|c Gizela Miháliková
|
| 300 |
|
|
|b Obr. 6.
|
| 650 |
0 |
7 |
|a film slovenský
|2 snkbucl
|9 853809
|
| 650 |
0 |
7 |
|a film český
|2 snkbucl
|9 854988
|
| 650 |
0 |
7 |
|a kameramani
|2 snkbucl
|9 75575
|
| 655 |
|
7 |
|a články z novín a časopisov
|2 snkbucl
|9 267496
|
| 773 |
0 |
|
|t Film a divadlo
|g Roč. 34, č. 11 (1990), s. 30-31
|
| 850 |
|
|
|a Slovenská národná knižnica v Martine
|a MTA001
|
| 852 |
|
|
|a SNK
|b KIS3GCP
|
| 954 |
|
|
|a odborná, vedecká literatúra pôvodná (slovenská)
|2 lita
|
| 958 |
|
|
|a OND
|
| 958 |
|
|
|a RK
|
| 958 |
|
|
|a CZ
|
| 958 |
|
|
|a EUIPO
|
| 958 |
|
|
|a article19
|
| 992 |
|
|
|a RBX
|
| 999 |
|
|
|c 2639713
|d 2641643
|